| 000 | 00916nam a2200265 a 4500 | ||
|---|---|---|---|
| 001 | 000044242 | ||
| 003 | DO-SdBNP | ||
| 005 | 20240412074303.0 | ||
| 008 | 140611s2008 dr a 000 0 spa d | ||
| 020 | _a9789945130577 | ||
| 040 |
_aDO-SdBNP _bspa _cBNPHU |
||
| 082 | 4 |
_aRD863.44 _bV297m _222 |
|
| 100 | 1 |
_aVargas, Ramón, _d1952- _972245 |
|
| 245 | 1 | 3 |
_aEl maremoto de San Fernando / _cRamón Vargas ; prólogo Freddy Aguasvivas. |
| 260 |
_aSanto Domingo : _bMediabyte, _c2008. |
||
| 300 |
_a143 p. : _bil. ; _c22 cm. |
||
| 500 | _aIncluye datos biográficos del autor en la contracubierta | ||
| 500 | _aIncluye referencias bibliográficas y notas al pie de las páginas | ||
| 590 | _aInventariado, 2020/VM | ||
| 650 | 0 |
_aCuentos dominicanos _9176 |
|
| 650 | 0 |
_aLiteratura dominicana. _967 |
|
| 700 | 1 | 2 |
_aAguasvivas, Freddy, _epról. _932508 |
| 910 | _aValidado. Control de calidad MFF | ||
| 942 |
_2ddc _cLBS1 |
||
| 999 |
_c43731 _d43731 |
||